|
|
|
|
| LEADER |
03233nam a2200781 i 4500 |
| 001 |
nkc20182987252 |
| 003 |
CZ PrNK |
| 005 |
20190726093849.0 |
| 007 |
ta |
| 008 |
180329s2018 xr ah f 000 0dcze |
| 015 |
|
|
|a cnb002987252
|
| 020 |
|
|
|a 978-80-86475-32-5
|q (Muzeum města Ústí nad Labem ;
|q brožováno)
|
| 020 |
|
|
|a 978-80-7561-133-8
|q (Univerzita J.E. Purkyně ;
|q brožováno)
|
| 035 |
|
|
|a (OCoLC)1096289069
|
| 040 |
|
|
|a BOA001
|b cze
|d ABA001
|e rda
|
| 041 |
0 |
|
|a cze
|b eng
|
| 043 |
|
|
|a e-xr---
|
| 045 |
|
|
|a x-y-
|
| 072 |
|
7 |
|a 75
|x Malířství
|2 Konspekt
|9 21
|
| 080 |
|
|
|a 75.071.1
|2 MRF
|
| 080 |
|
|
|a 378.011.3-051
|2 MRF
|
| 080 |
|
|
|a 75(437.3)
|2 MRF
|
| 080 |
|
|
|a 741/744(437.3)
|2 MRF
|
| 080 |
|
|
|a 766:655
|2 MRF
|
| 080 |
|
|
|a 7.036/.038
|2 MRF
|
| 080 |
|
|
|a (437.3)
|2 MRF
|
| 080 |
|
|
|a (048.8:082)
|2 MRF
|
| 100 |
1 |
|
|a Pavlíček, Tomáš,
|d 1971-
|7 jn20000401949
|4 aut
|
| 245 |
1 |
0 |
|a Václav Daneš - Malba jako uskutečňování bytí /
|c Tomáš Pavlíček
|
| 246 |
3 |
0 |
|a Malba jako uskutečňování bytí
|
| 250 |
|
|
|a Vydání první
|
| 264 |
|
1 |
|a V Ústí nad Labem :
|b Muzeum města Ústí nad Labem ve spolupráci s Fakultou umění a designu Univerzity Jana Evangelisty Purkyně,
|c 2018
|
| 300 |
|
|
|a 125 stran :
|b ilustrace (převážně barevné), faksimile ;
|c 25 cm
|
| 336 |
|
|
|a text
|b txt
|2 rdacontent
|
| 336 |
|
|
|a statický obraz
|b sti
|2 rdacontent
|
| 337 |
|
|
|a bez média
|b n
|2 rdamedia
|
| 338 |
|
|
|a svazek
|b nc
|2 rdacarrier
|
| 490 |
1 |
|
|a Ústecké muzejní sešity ;
|v svazek 11
|
| 490 |
1 |
|
|a Monografie
|
| 500 |
|
|
|a Životopisná data a přehled výstav
|
| 504 |
|
|
|a Obsahuje bibliografii a bibliografické odkazy
|
| 546 |
|
|
|a Anglické resumé
|
| 600 |
1 |
7 |
|a Daneš, Václav,
|d 1936-2004
|7 jn19990209130
|2 czenas
|
| 648 |
|
7 |
|a 20.-21. století
|7 ch462155
|2 czenas
|
| 648 |
|
7 |
|a 20. století
|7 ch460558
|2 czenas
|
| 650 |
0 |
7 |
|a malíři
|7 ph122596
|z Česko
|y 20.-21. století
|2 czenas
|
| 650 |
0 |
7 |
|a vysokoškolští učitelé
|7 ph127282
|z Česko
|y 20.-21. století
|2 czenas
|
| 650 |
0 |
7 |
|a české malířství
|7 ph116864
|y 20.-21. století
|2 czenas
|
| 650 |
0 |
7 |
|a česká kresba
|7 ph116857
|y 20. století
|2 czenas
|
| 650 |
0 |
7 |
|a grafický design
|7 ph116550
|z Česko
|y 20. století
|2 czenas
|
| 650 |
0 |
7 |
|a moderní umění
|7 ph115340
|z Česko
|2 czenas
|
| 650 |
0 |
9 |
|a painters
|z Czechia
|y 20th-21st centuries
|2 eczenas
|
| 650 |
0 |
9 |
|a college teachers
|z Czechia
|y 20th-21st centuries
|2 eczenas
|
| 650 |
0 |
9 |
|a Czech painting
|y 20th-21st centuries
|2 eczenas
|
| 650 |
0 |
9 |
|a Czech drawing
|y 20th century
|2 eczenas
|
| 650 |
0 |
9 |
|a graphic design
|z Czechia
|y 20th century
|2 eczenas
|
| 650 |
0 |
9 |
|a modern art
|z Czechia
|2 eczenas
|
| 655 |
|
7 |
|a kolektivní monografie
|7 fd501537
|2 czenas
|
| 655 |
|
9 |
|a collective monographs
|2 eczenas
|
| 700 |
1 |
|
|a Daneš, Václav,
|d 1936-2004
|7 jn19990209130
|4 ill
|
| 810 |
2 |
|
|a Univerzita J.E. Purkyně v Ústí nad Labem.
|t Monografie
|0 s
|
| 830 |
|
0 |
|a Ústecké muzejní sešity
|0 s
|
| 910 |
2 |
|
|a BOA001
|b 2-1424.040
|
| 928 |
9 |
|
|a Fakulta umění a designu Univerzity Jana Evangelisty Purkyně v Ústí nad Labem
|
| 990 |
|
|
|a BK
|
| 995 |
|
|
|a 01
|
| 991 |
|
|
|b 201902
|c NOV
|
| 996 |
6 |
|
|b 2610771974
|c 2-1424.040
|l MZK
|r Sklad / do 1 hodiny
|n 0
|p p.v.
|w 001709252
|u 000010
|a 1
|e BOA001
|j MZK50
|s P
|